000 00694nam a2200241Ia 4500
003 OSt
005 20220925215632.0
006 a|||||r|||| 00| 0
007 ta
008 220923b |||||||| |||| 00| 0 eng d
020 _a1850431418
037 _cGeneral Book
040 _aRTL
_cRTL
_beng
041 _2eng
_aeng
082 _aX:75.58.N8, M9
100 _aDesai Padma
_9123072
245 0 _aPerestroika in perspective
_b The design and dilemm
260 _aLondon
_bI B Touris UK
_c1989
300 _aix, 138p. Bib p 131-32, Appendix: p 117-26
_ccm.
650 _aEconomics
942 _hX:75.58.N8, M9
_cGB
_2CC
999 _c569297
_d569297